200 Największych miast w Polsce - Statystyki

Ogólne statystyki
  • Ten quiz został rozwiązany 366 razy
  • Średni wynik to 106 z 200
Statystyki odpowiedzi
Ranking Populacja (w tys.) Nazwa miasta % Poprawnych
2 803 Kraków
96%
1 1861 Warszawa
96%
7 391 Szczecin
94%
6 486 Gdańsk
93%
10 292 Białystok
92%
12 242 Gdynia
92%
4 658 Łódź
92%
8 331 Lublin
92%
3 674 Wrocław
92%
5 541 Poznań
91%
11 280 Katowice
90%
9 330 Bydgoszcz
89%
14 197 Radom
87%
16 195 Toruń
87%
24 139 Zielona Góra
87%
13 208 Częstochowa
86%
18 183 Kielce
86%
15 197 Rzeszów
85%
20 168 Olsztyn
84%
27 126 Opole
84%
19 171 Gliwice
82%
29 116 Gorzów Wielkopolski
82%
34 103 Tarnów
80%
31 113 Elbląg
79%
139 32 Sopot
79%
17 189 Sosnowiec
79%
33 104 Koszalin
77%
32 112 Płock
77%
22 155 Zabrze
77%
21 166 Bielsko Biała
76%
23 149 Bytom
76%
36 101 Chorzów
75%
99 43 Kołobrzeg
75%
50 68 Suwałki
75%
38 94 Kalisz
74%
37 101 Wałbrzych
74%
66 60 Ełk
73%
45 75 Jelenia Góra
73%
51 68 Lubin
73%
39 93 Legnica
72%
54 67 Piotrków Trybunalski
72%
72 56 Przemyśl
72%
28 123 Tychy
72%
44 80 Nowy Sącz
71%
171 25 Zakopane
71%
57 64 Gniezno
70%
30 114 Dąbrowa Górnicza
69%
40 89 Grudziądz
69%
48 70 Piła
69%
35 102 Włocławek
69%
65 60 Łomża
68%
56 65 Pruszków
68%
25 131 Rybnik
68%
60 62 Głogów
67%
52 68 Konin
67%
42 86 Słupsk
67%
53 68 Inowrocław
66%
26 131 Ruda Śląska
66%
67 59 Zamość
66%
69 58 Chełm
65%
46 75 Siedlce
65%
116 37 Malbork
64%
75 54 Białą Podlaska
63%
64 60 Leszno
63%
96 44 Krosno
62%
58 63 Siemianowice Śląskie
62%
55 66 Stargard
62%
108 39 Świnoujście
62%
43 83 Jastrzębie Zdrój
61%
74 55 Kędzierzyn Koźle
61%
85 48 Ostrołęka
61%
90 45 Skierniewice
61%
79 52 Bełchatów
59%
80 52 Legionowo
59%
49 69 Ostrów Wielkopolski
59%
97 44 Tarnobrzeg
59%
70 57 Tczew
59%
196 21 Sandomierz
58%
41 87 Jaworzno
58%
71 57 Mielec
58%
47 71 Mysłowice
58%
63 61 Pabianice
58%
59 63 Ostrowiec Świętokrzyski
57%
83 51 Piaseczno
57%
73 55 Stalowa Wola
57%
68 58 Tomaszów Mazowiecki
57%
134 33 Nowy Targ
56%
98 44 Otwock
56%
87 46 Wejherowo
56%
61 61 Żory
56%
77 53 Zgierz
55%
76 54 Będzin
54%
132 33 Cieszyn
54%
82 52 Piekary Śląskie
54%
151 29 Augustów
53%
138 32 Iława
53%
84 50 Racibórz
53%
88 45 Swiętochłowice
53%
89 45 Starogard Gdański
52%
86 46 Zawiercie
52%
106 41 Nysa
51%
119 36 Oświęcim
51%
94 44 Puławy
51%
78 53 Świdnica
51%
62 61 Tarnowskie Góry
51%
101 43 Dębica
50%
100 43 Radomsko
50%
126 34 Sanok
50%
102 42 Ciechanów
49%
122 35 Jarosław
49%
173 25 Kłodzko
49%
163 27 Wieliczka
49%
148 29 Żywiec
49%
152 28 Bochnia
48%
81 52 Rumia
48%
103 41 Skarżysko Kamienna
48%
91 45 Wodzisław Śląski
48%
110 38 Chojnice
47%
127 34 Grodzisk Mazowiecki
47%
124 35 Żary
47%
105 41 Kutno
46%
107 40 Mińsk Mazowiecki
46%
153 28 Nowy Dwór Mazowiecki
46%
130 33 Brzeg
45%
135 33 Jasło
45%
93 44 Starachowice
45%
113 37 Szczecinek
45%
112 38 Żyrardów
45%
114 37 Bolesławiec
44%
133 33 Oława
44%
121 35 Wołomin
44%
166 26 Łowicz
43%
145 30 Mława
43%
118 36 Nowa Sól
43%
147 30 Police
43%
150 29 Zgorzelec
43%
117 36 Świdnik
42%
161 27 Giżycko
42%
187 22 Kluczbork
42%
129 34 Lębork
42%
143 31 Ostróda
42%
109 39 Sieradz
42%
123 35 Oleśnica
40%
137 32 Olkusz
39%
92 45 Ząbki
39%
142 31 Kraśnik
38%
95 44 Marki
38%
149 29 Myszków
37%
155 28 Reda
37%
131 33 Sochaczew
37%
141 31 Września
37%
104 41 Mikołów
36%
180 23 Wałcz
36%
168 25 Gorlice
35%
115 37 Kwidzyn
35%
183 23 Lubliniec
35%
172 25 Pszczyna
35%
181 23 Żagań
35%
176 24 Turek
34%
111 38 Zduńska Wola
34%
179 24 Bielsk Podlaski
33%
128 34 Chrzanów
33%
125 34 Czechowice Dziedzice
33%
169 25 Kętrzyn
33%
144 31 Dzierżoniów
32%
194 21 Ostrów Mazowiecka
32%
197 21 Polkowice
32%
140 32 Pruszcz Gdański
32%
189 22 Szczytno
32%
195 21 Płońsk
31%
167 26 Wyszków
31%
174 25 Biłgoraj
30%
184 23 Kościerzyna
30%
158 28 Krotoszyn
30%
136 32 Luboń
30%
177 24 Środa Wielkopolska
30%
156 28 Brodnica
29%
146 30 Czeladź
29%
165 26 Jarocin
29%
162 27 Łuków
29%
159 28 Śrem
29%
188 22 Aleksandrów Łódzki
28%
193 21 Bartoszyce
28%
120 35 Knurów
27%
200 20 Grajewo
26%
154 28 Swarzędz
26%
192 21 Goleniów
25%
182 23 Kościan
24%
175 24 Świecie
23%
178 24 Skawina
21%
157 28 Bielawa
18%
164 26 Czerwionka Leszczyny
18%
190 21 Świebodzice
16%
185 23 Piastów
15%
199 20 Łaziska Górne
14%
160 27 Kobyłka
13%
191 21 Orzesze
10%
186 22 Białogard
3%
198 21 Sulejówek
3%
170 25 Wągrowiec
2%
Nie znaleziono quizów pasujących do podanych kryteriów
Rozkład punktacji
Procent ludzi z każdym wynikiem
Percentyl według liczby udzielonych odpowiedzi
Twoja historia wyników
Nie rozwiązałeś tego quizu